000 00395nam a2200169Ia 4500
005 20250423101153.0
008 250422s9999 xx 000 0 und d
020 _a9780435905408
050 _aPR 9387.9 .A76/
100 _aArmah, Ayi Kwei
245 4 _aThe beautiful ones are not yet born
260 _aBritain
260 _bHeinemann
260 _c1968
300 _a183 p
942 _cBK
999 _c35505
_d35505